000 00198 a2200097 4500
001 1679
100 _aDudley, D.W
245 _aPractical year Design
260 _a
_bMc Graw
_c
090 _c1216
_d1216
942 _aNUST-CAE
_cM
_c2403
999 _c236752
_d236752